Дискретные системы обработки информации: межвузовский сборник

Bibliografiset tiedot
Yhteisötekijä: Ижевский механический институт
Muut tekijät: Калядин Н. И. (редактор)
Kieli:venäjä
Julkaistu: Ижевск, Изд-во ИМИ, 1987
Aiheet:
Aineistotyyppi: Kirja
KOHA link:https://koha.lib.tpu.ru/cgi-bin/koha/opac-detail.pl?biblionumber=224017

MARC

LEADER 00000nam0a2200000 4500
001 224017
005 20231101230549.0
020 |a RU  |b 83-61131ж 
035 |a (RuTPU)RU\TPU\book\244291 
035 |a RU\TPU\book\179482 
090 |a 224017 
100 |a 20121018d1987 k y0rusy5003 ca 
101 0 |a rus 
102 |a RU 
105 |a a z 001zy 
200 1 |a Дискретные системы обработки информации  |e межвузовский сборник  |f Ижевский механический институт ; отв. ред. Н. И. Калядин 
210 |a Ижевск  |c Изд-во ИМИ  |d 1987 
215 |d 21 см  |a 94 с.  |c ил. 
305 |a Изд. выходит с 1978 г. 
320 |a Библиогр. в конце ст. 
606 1 |a Информация  |x Обработка  |x Автоматизация  |2 stltpush  |3 (RuTPU)RU\TPU\subj\12978  |9 39669 
610 1 |a вычислительные системы 
610 1 |a цифровые системы 
610 1 |a информация 
610 1 |a обработка 
610 1 |a дискретные системы 
675 |a 681.3.01  |z rus  |v 3 
702 1 |a Калядин  |b Н. И.  |4 340 
712 0 2 |a Ижевский механический институт  |2 stltpush  |3 (RuTPU)RU\TPU\col\12489  |9 25432 
801 0 |a RU  |b 63413507  |c 19950704  |g psbo 
801 1 |a RU  |b 63413507  |c 20090918 
801 2 |a RU  |b 63413507  |c 20131004  |g RCR 
942 |c BK